University Home | Library Home | Institutional Repository

Agroforestry Parkalands in Sub-Saharan Africa/ (Record no. 117378)

MARC details
000 -LEADER
fixed length control field 00474cam a2200145 4500
008 - FIXED-LENGTH DATA ELEMENTS--GENERAL INFORMATION
fixed length control field 120620n 000 0 eng u
020 ## - INTERNATIONAL STANDARD BOOK NUMBER
International Standard Book Number 9251043760
035 ## - SYSTEM CONTROL NUMBER
System control number (Sirsi) a176563
050 ## - LIBRARY OF CONGRESS CALL NUMBER
Classification number S494.5.A45 B645 BOF 1999FT MEADLE
100 ## - MAIN ENTRY--PERSONAL NAME
Personal name Boffa J.-m
245 ## - TITLE STATEMENT
Title Agroforestry Parkalands in Sub-Saharan Africa/
Statement of responsibility, etc. Boffa J.-M
260 ## - PUBLICATION, DISTRIBUTION, ETC.
Place of publication, distribution, etc. Rome:
Name of publisher, distributor, etc. Food and Agriculture Organization,
Date of publication, distribution, etc. 1999
300 ## - PHYSICAL DESCRIPTION
Extent xviii,230p.:b ill
504 ## - BIBLIOGRAPHY, ETC. NOTE
Bibliography, etc. note includes bibliographical references

No items available.

© 2026 - The University of Zambia Library - Koha v25.11